000 00804nam a2200241 a 4500
003 OSt
005 20131105121721.0
008 131105s1983 sz ||||| |||| 00| 0 spa d
020 _a92-4-358-007-8
040 _cBiblioteca Medicina
041 _aspa
082 _aOMS WA 32.1
110 _aOrganizacion Mundial de la Salud
_91006
245 0 0 _aReglamento Sanitario Internacional
250 _a3° ed.
260 _aGinebra
_bOrganizacion Mundial de la Salud
_c1983
300 _a91 p.
653 _aREGLAMENTO SANITARIO INTERNACIONAL
653 _aSALUD-REGLAMENTOS
856 _yhttp://www.who.int/ipcs/publications/ehc/ehc_numerical/en/index.html
942 _2ddc
_cPH
999 _c1994
_d1994
952 _pH0245
_40
_00
_bBFM
_10
_oOMS WA 32.1
_d2013-11-05
_tEj. 1
_8NFIC
_70
_cCR
_2ddc
_yPH
_aBFM